00802nam a2200229 a 450000100100000000500170001000800410002702000150006804000250008304100130010808200150012110000430013624000210017924500820020026000560028230000210033849000150035970000440037483000240041895201130044299900170055500004398120201002045057.0140512s1990 sp 000 0 spa d a8487075118 aDO-SdBNPbspacBNPHU17aspaheng axxxxbxxxx1 aBenet i Jornet, Josep M.d1940.97193710aDesiglEspañol10aDeseo /cJosep M. Benet i Jornet ; traducción de José Sanchis Sinisterra. aMadrid :bCentro de Documentación Teatral,c1990. a115 p. ;c22 cm.1 aTeatrov1112aSanchis Sinisterra, José,etr.971938 0aTeatro ;n11971939 001050718MOaGRbGRcCTd2014-05-12iLF1l0oxxxx xxxxp43981-10r2020-06-25w2020-06-25y1ZNo se presta c43470d43470